Athisaya Ariviyal Kandupidippugal (Record no. 195582)

MARC details
000 -LEADER
fixed length control field 00481nam a2200205Ia 4500
008 - FIXED-LENGTH DATA ELEMENTS--GENERAL INFORMATION
fixed length control field 240823s9999||||xx |||||||||||||| ||und||
020 ## - INTERNATIONAL STANDARD BOOK NUMBER
International Standard Book Number 81-7478-467-5
082 ## - DEWEY DECIMAL CLASSIFICATION NUMBER
-- 501 Q1
100 ## - MAIN ENTRY--PERSONAL NAME
Personal name Uday Lal L
245 #0 - TITLE STATEMENT
Title Athisaya Ariviyal Kandupidippugal
250 ## - EDITION STATEMENT
Edition statement 1st
260 ## - PUBLICATION, DISTRIBUTION, ETC. (IMPRINT)
Date of publication, distribution, etc 2011
Name of publisher, distributor, etc sura pathi
500 ## - GENERAL NOTE
General note DISPLAY
650 ## - SUBJECT ADDED ENTRY--TOPICAL TERM
Topical term or geographic name as entry element Tamil Books
700 ## - ADDED ENTRY--PERSONAL NAME
Personal name Lakshmi Viswanathan
942 ## - ADDED ENTRY ELEMENTS (KOHA)
Item type Books
Holdings
Withdrawn status Lost status Damaged status Permanent location Current location Shelving location Date acquired Source of acquisition Cost, normal purchase price Full call number Barcode Date last seen Koha item type
      CENTRAL LIBRARY, NOORUL ISLAM CENTRE FOR HIGHER EDUCATION CENTRAL LIBRARY, NOORUL ISLAM CENTRE FOR HIGHER EDUCATION   05/09/2013 Higginbothams Private Ltd 40.00 501 Q1 47287 08/23/2024 Books
Visitors:
Copyright © 2024 Central Library NICHE.  All rights reserved.